2025 Formula One Schedule - Statistics

General Stats
  • This quiz has been taken 54 times
  • The average score is 22 of 24
Answer Stats
Round Grand Prix % Correct
Round 19 United States
98%
Round 24 Abu Dhabi
96%
Round 1 Australian
96%
Round 13 Belgian
96%
Round 16 Italy
96%
Round 3 Japanese
96%
Round 9 Spain
96%
Round 10 Canada
94%
Round 2 Chinese
94%
Round 20 Mexico
94%
Round 8 Monaco
94%
Round 12 British
92%
Round 6 Miami
92%
Round 11 Austrian
90%
Round 22 Las Vegas
90%
Round 21 Sao Paulo
90%
Round 5 Saudi Arabian
90%
Round 4 Bahrain
86%
Round 23 Qatar
86%
Round 17 Azerbaijan
84%
Round 7 Emilia-Romagna
84%
Round 14 Hungarian
84%
Round 18 Singapore
84%
Round 15 Dutch
82%
No matching quizzes found
Score Distribution
Percent of People with Each Score
Percentile by Number Answered
Your Score History
You have not taken this quiz